000 00535nam a22001697a 4500
005 20251030084230.0
008 251030b |||||||| |||| 00| 0 eng d
020 _a9780781715638
050 _aRT81.5
_b.P64
100 _aPolit, Denise F.
245 _aStudy Guide to Accompany Nursing Research
_bprinciples & methods
_cDenise F. Polit & Bernadette P. Hungler
250 _a6th ed.
260 _aPhiladelphia
_bLippincott
_c1999
300 _aviii. 311p.
_bill.
_c23cm
700 _aHungler, Bernadette P.
942 _2lcc
_cBK
_e6th ed.
_n0
999 _c7917
_d7917